Corpus juris canonici academicum (Record no. 8723)
[ view plain ]
| 000 -CABECERA | |
|---|---|
| campo de control de longitud fija | 01060nam a2200217 a 4500 |
| 001 - NÚMERO DE CONTROL | |
| campo de control | BRCA_9073 |
| 005 - FECHA Y HORA DE LA ÚLTIMA TRANSACCIÓN | |
| campo de control | 20190320210519.0 |
| 008 - DATOS DE LONGITUD FIJA--INFORMACIÓN GENERAL | |
| campo de control de longitud fija | 050917s1757----sp-#######---#000-0#lat-# |
| 041 ## - CÓDIGO DE LENGUA | |
| Código de lengua del texto/banda sonora o título independiente | lat |
| 044 ## - CÓDIGO DEL PAÍS DE LA ENTIDAD EDITORA/PRODUCTORA | |
| Código MARC del país | sp |
| 084 ## - OTRO NÚMERO DE CLASIFICACIÓN | |
| Número de clasificación | CO30 |
| Número de documento/Ítem | .C67 1757 |
| 245 10 - MENCIÓN DE TÍTULO | |
| Título | Corpus juris canonici academicum |
| Mención de responsabilidad, etc. | emendatum et notis P. Lancellotti illustratum ; in duos tomos distributum, usuique moderno ad modum Christoph Henr. Freiesleben, alais Ferromontani ... accesserunt loci communes uberrimi et indices titulorum canonumque omnium summa diligentia ac nova methodo consinnati ; Tomus primus. |
| 260 ## - PUBLICACIÓN, DISTRIBUCIÓN, ETC. | |
| Lugar de publicación, distribución, etc. | Coloniae Munatianae |
| Nombre del editor, distribuidor, etc. | Impensis thurnisii, Joh. Rudolphi Filii, Bibliop. & Typogr. |
| Fecha de publicación, distribución, etc. | 1757 |
| 300 ## - DESCRIPCIÓN FÍSICA | |
| Extensión | 1275 p. (t.1) |
| Dimensiones | 24 x 18.5 cm |
| 500 ## - NOTA GENERAL | |
| Nota general | Cum privilegiis caesareis et saxonicis |
| 500 ## - NOTA GENERAL | |
| Nota general | Estado físico: presenta encuadernación en pergamino con cintas rotas, lomo semi desprendido |
| 650 14 - PUNTO DE ACCESO ADICIONAL DE MATERIA--TÉRMINO DE MATERIA | |
| Término de materia o nombre geográfico como elemento de entrada | Derecho canónico |
| Subdivisión cronológica | Obras anteriores a 1800 |
| 9 (RLIN) | 22085 |
| 700 1# - PUNTO DE ACCESO ADICIONAL--NOMBRE DE PERSONA | |
| Nombre de persona | Lancellotti, Giovanni Paolo |
| Fechas asociadas al nombre | 1522-1590 |
| Término indicativo de función/relación | colaborador |
| 9 (RLIN) | 22437 |
| 902 ## - CATALOGADOR | |
| Iniciales | CFM |
| 942 ## - ELEMENTOS DE PUNTO DE ACCESO ADICIONAL (KOHA) | |
| Fuente del sistema de clasificación o colocación | Library of Congress Classification |
| Tipo de ítem Koha | Libros |
| Estado de retiro | Estado de pérdida | Estado dañado | No para préstamo | Localización permanente | Ubicación/localización actual | Fecha de adquisición | Total de préstamos | Signatura topográfica completa | Código de barras | Fecha visto por última vez | Precio válido a partir de | Tipo de ítem Koha |
|---|---|---|---|---|---|---|---|---|---|---|---|---|
| El ejemplar forma parte de la colección y puede ser consultado según las políticas vigentes. | Biblioteca del Museo Franz Mayer (Rogerio Casas-Alatriste) | Biblioteca del Museo Franz Mayer (Rogerio Casas-Alatriste) | 05/09/2017 | CO30 .C67 1757 | CFM00430 | 22/03/2019 | 22/03/2019 | Libros |